000 00529cam a22001932 4500
001 0000019959
005 20151217161159.0
008 110329s xx 000 0 eng d
040 _aKABU
_cKABU
050 0 _aL971
_b.K4K46 2011
245 1 0 _aKenya education directory.
250 _a19th ed.
260 _aNairobi :
_bExpress Communication,
_c2011.
300 _a448 p.
650 0 _aEducation
_zKenya
_vDirectories.
_@0000160005
908 _a110329
950 _@1
999 _c15223
_d15223